Trabajamos por el medio ambiente : Área de Medio Ambiente Área de Medio Ambiente
Descripción Física:
[6] p. ; 21 cm
MARC
| LEADER | 00000nam a2200000Ia 4500 | ||
|---|---|---|---|
| 001 | 23103 | ||
| 008 | 160829s2010 xx 000 0 cat d | ||
| 080 | |a FU-59-24 | ||
| 245 | |a Trabajamos por el medio ambiente : |b Área de Medio Ambiente | ||
| 260 | |a Barcelona : |b Diputació de Barcelona. Àrea de Medi Ambient, |c 2010 | ||
| 300 | |a [6] p. ; |c 21 cm | ||
| 590 | |a A la coberta: Buenos servicios para los ayuntamientos, más bienestar para la ciudadanía | ||
| 610 | 0 | |a Barcelona (Catalunya : Província). |b Àrea de Medi Ambient |9 52987 | |
| 650 | |a Medi ambient |x Barcelona (Província) |9 41299 | ||
| 710 | |a Barcelona (Catalunya : Província). |b Àrea de Medi Ambient |9 52987 | ||
| 901 | |a Arxiu | ||
| 942 | |n 1 | ||
| 952 | |0 0 |1 0 |4 0 |6 FU5924 |7 1 |9 51766 |a Arxiu |b Arxiu |d 2016-12-01 |l 0 |o FU-59-24 |p 23103 |r 2016-12-01 00:00:00 |w 2016-12-01 |y ARXIU | ||
| 999 | |c 55612 |d 55612 | ||